La composition du Real Madrid en finale de LDC 2023/2024 - Mort subite - Statistiques

Statistiques générales
  • Ce quiz a été pris 138 fois
  • Le résultat moyen est 3 sur 11
Answers on the Grid
Answers color-coded by a green-red scale on the quiz's grid according to % correct below.
Thibaut Courtois
Nacho
Kylian Mbappé
Luka Modrić
Dani Carvajal
Arda Güler
Antonio Rüdiger
Ferland Mendy
Brahim Diaz
David Alaba
Lucas Vazquez
Eduardo Camavinga
Aurélien Tchouaméni
Eder Militao
Toni Kroos
Federico Valverde
Joselu
Dani Ceballos
Jude Bellingham
Franco Mastantuono
Fran Garcia
Rodrygo
Andriy Lunin
Marcelo
Vinicius Junior
Casemiro
Sergio Ramos
Raphael Varane
Cristiano Ronaldo
Karim Benzema
 
Statistiques - réponses
Réponse % Correct
Thibaut Courtois
92%
Dani Carvajal
38%
Antonio Rüdiger
23%
Nacho
23%
Vinicius Junior
22%
Federico Valverde
17%
Jude Bellingham
17%
Ferland Mendy
15%
Toni Kroos
15%
Eduardo Camavinga
12%
Rodrygo
12%
Aucun quiz correspondant
Distribution des résultats
% des personnes avec chaque résultat
Percentile par nombre de réponses
Votre historique - résultats
Vous n’avez pas pris ce quiz